000 00429nam a2200181Ia 4500
003 GCL
008 140319s9999 xx 000 0 eng d
040 _aGCL /
_cGCL
082 0 4 _a759
_bN V
100 1 _aNASH, JOHN
245 1 0 _aVERMEER /
_cNASH, JOHN
260 _a[S.N] :
_bSCALA BOOKS ،
_c1991
300 _a128P
650 0 4 _aPAINTERS
650 0 4 _aVERMEER, JAN
650 0 4 _aPAINTERS AND PAINTINGS
942 _2ddc
_cBK
999 _c10401
_d10401